000 00872nam a2200265 i 4500
003 DO-SdBNP
005 20250723090233.0
007 ta
008 220705b200_ dr a|||| |||| 00| 0 spa d
020 _a9789945088472
040 _aDO-SdBNP
_bspa
_cBNPHU
_erda
082 4 _axxx
_bxxx
_222
100 _aCustodio, Roberto,
_d1970-
_eautor
_4aut.
_934554
245 1 0 _aPenas de amor /
_cRoberto Custodio
264 1 _aSanto Domingo :
_bEdiciones Estrella,
_c200?.
300 _a83 páginas :
_bilustraciones ;
_c22 cm.
336 _atexto
_btxt
_2rdacontent
337 _asin mediación
_bn
_2rdamedia
338 _avolumen
_bnc
_2rdacarrier
500 _aIncluye datos biográficos del autor en la solapa de la cubierta
590 _aInventariado, 2022/BT
590 _aLa biblioteca posee 3 ejemplares autográfiados por el autor
910 _aBtavárez
942 _2ddc
_cLBS1
999 _c52144
_d52144